Statistics for Wales National Football Team Managers

Click here to take the quiz!

General Stats

  • This quiz has been taken 58 times
    (30 since last reset)
  • The average score is 6 of 17

Answer Stats

YearsManager% Correct
2010-11Gary Speed
74%
1999-04Mark Hughes
74%
2018-Ryan Giggs
74%
2011-17Chris Coleman
70%
1994John Toshack
52%
2005-10John Toshack
52%
1988-93Terry Yorath
33%
1994-95Mike Smith
26%
1974-79Mike Smith
26%
1995-99Bobby Gould
22%
1980-87Mike England
22%
1988*David Williams
15%
2010*Brian Flynn
7%
1964-74Dave Bowen
4%
1956-64Jimmy Murphy
4%
1964*Trevor Morris
0%
1954-56Walley Barnes
0%

Score Distribution

Percentile by Number Answered

Percent of People with Each Score

Your Score History

You have not taken this quiz since the last reset